Badly Described Video Games - Statistics

General Stats
  • This quiz has been taken 154 times
    144 since last reset
  • The average score is 15 of 28
Answer Stats
Description Answer % Correct
Build a skyscraper in 3 seconds just to lose a shotgun fight to a 12-year-old doing a dance. Fortnite
89%
Punch trees, run from cubes, accidentally blow up your house, and somehow call it creative. Minecraft
88%
Car soccer. That’s it. Just cars playing soccer. Rocket League
86%
A group of jellybeans do tasks while one of them commits murder and blames everyone else. Among Us
85%
Commit every crime imaginable, then get distracted for 6 hours by tennis, golf, and flying airplanes. GTA 5
85%
Win a race unless a blue shell decides you’re having too much fun. Mario Kart
81%
You play god, trap people in pools without ladders, and watch them pee themselves because you deleted the toilet. The Sims
81%
Pay real money to make digital men kick a ball slightly better than other digital men. FIFA
80%
Shapes fall from the sky and your only job is to make them fit... or face eternal chaos. Tetris
75%
Grown men yell at each other in HD while sprinting at 30 miles per hour and surviving multiple grenades. Call of Duty
71%
Get absolutely wrecked by your grandma in virtual tennis while yapping wildly in your living room. Wii Sports
69%
Tap to fly. Fail. Scream. Repeat until your phone dies. Flappy Bird
63%
Two teams argue over a bomb, then take turns yelling "rush B" and missing every shot. Counter-Strike: Global
58%
Sail around with your friends, get drunk, play music, and occasionally remember there’s treasure to steal. Sea of Thieves
55%
60 jellybeans compete in a game show designed by a sadistic toddler with a physics engine. Fall Guys
53%
You move to a peaceful island to relax - then spend the rest of your life in debt to a raccoon. Animal Crossing
51%
Tame dinosaurs with poop and berries, then get killed by a mosquito the size of a squirrel. ARK Survival Evolved
50%
Four people fix generators while one very angry person plays hide and seek—with murder. Dead by Daylight
46%
Make wild animals fight each other, then pretend it’s about friendship. Pokemon
46%
Wake up naked on a beach, get hit with a rock, trust no one, die, repeat. Rust
42%
Jump out of a plane, find a pan, and pray. It's hide-and-seek with bullets and terrible driving. PUBG
40%
Colorful group of cosplayers fight over control of random real estate while ignoring the payload. Overwatch
35%
Elite counter-terrorists argue over who gets to punch holes in walls before immediately dying to a door trap. Rainbow Six Siege
31%
Spread democracy by violently exploding everything that doesn’t already have it - even your teammates. Helldivers 2
27%
Characters settle beef by throwing hands and falling off floating IKEA furniture. Super Smash Bros
21%
Spend 45 minutes looting like a goblin, get shot once in the leg, and lose everything you ever loved. Escape from Tarkov
13%
Drive at supersonic speed, crash into a wall, restart instantly, repeat 500 times for fun. Trackmania
7%
Stand still for most of the game, then press one button at the exact wrong time and ruin everything. MLB The Show
0%
No matching quizzes found
Score Distribution
Percent of People with Each Score
Percentile by Number Answered
Your Score History
You have not taken this quiz since the last reset